Jazda biomasou pokračuje

Nový český investor v Národnej energetickej spoločnosti. Výroba tepelnej energie z biomasy. Najracionálnejšia vetva obnoviteľných zdrojov energií. Vykurovanie mesta Třebíč biomasou. Tri veľké elektrárne na Slovensku. Ako by mali Slovensko či Česko rozvíjať obnoviteľné energie, aby to bolo rozumné.

Salvato in:
Dettagli Bibliografici
Autore principale: Haluza, Ivan
Altri autori: Horký, Richard
Natura: Capitolo di libro
Lingua:slovacco
Soggetti:
Tags: Aggiungi Tag
Nessun Tag, puoi essere il primo ad aggiungerne!!

MARC

LEADER 00000naa a2200000 4500
001 0221646
005 20231113105643.0
041 0 |a slo 
044 |a SK 
245 1 0 |a Jazda biomasou pokračuje  |c Ivan Haluza, Richard Horký 
520 |a Nový český investor v Národnej energetickej spoločnosti. Výroba tepelnej energie z biomasy. Najracionálnejšia vetva obnoviteľných zdrojov energií. Vykurovanie mesta Třebíč biomasou. Tri veľké elektrárne na Slovensku. Ako by mali Slovensko či Česko rozvíjať obnoviteľné energie, aby to bolo rozumné. 
610 2 0 |a energetika 
610 2 0 |a zdroje energie obnoviteľné 
610 2 0 |a zdroje energie prírodné 
610 2 0 |a energia tepelná 
610 2 0 |a podnikanie 
610 2 0 |a podnikatelia 
610 2 0 |a firmy 
610 2 0 |a mestá 
610 2 0 |a Slovensko 
610 2 0 |a Česko 
100 1 |a Haluza, Ivan 
700 1 |a Horký, Richard